1722 1274 1509 1451 1839 1179 1844 1639 1026 1658 1432 1634 1912 1975 1808 1001 1898 1760 1180 1256 1732 1223 1975 1013 1714 1435 1082 1193 1680 1771 1683 1016 1048 1986 1988 1248 1678 1294 1333 1653 1980 1192 1157 1054 1554 1324 1597 1816 1117 1875 1043 1823 1594 1373 1426 1974 1114 1467 1553 1109 1347 1343 1774 1590 1960 1996 1587 1724 1936 1107 1122 1768 1248 1510 1757 1907 1052 1048 1408 1717 1103 1370 1531 1871 1190 1829 1059 1551 1831 1108 1680 1691 1264 1558 1378 1040 1988 1172 1505 BCNSPRNW ULIB Ver.6.0+V

เปลี่ยนเป็นภาษาไทย

Change to English
 แสดงรายละเอียดบรรณานุกรม
  กลับหน้าหลัก

Brief Record : Get Marc (ISO 2709) : E-mail record : QR code < ปิดหน้าต่าง
LEADER : 00000nam 2200000uu 4500
001    13399112260
003     ULIB
008    110802s2552||||th 000 0 tha d
020    9786117115042
050  4 BQ9800.T5382^bน398ศ 2552
100 0  นัท ฮันห์,^cติช
245 10 ศิลปะแห่งอำนาจ =^bThe art of power /^cติช นัท ฮันห์,ผู้เขียน ; จิตร์ ตัณฑเสถียร และสังฆะหมู่บ้านพลัมประเทศไทย,ผู้แปล ; พระภิกษุณีนิรามิสา, บรรณาธิการเล่ม ; อิศวเรศ ตโนนุท, บรรณาธิการ
246 31 Art of power
250    พิมพ์ครั้งที่ 1
260    กรุงเทพฯ :^bฟรีมายด์,^c2552
300    255 หน้า ;^c21 ซม.
650  4 ชีวิตทางจิตวิญญาณ^xแง่ศาสนา^xพุทธศาสนา
650  4 พุทธศาสนา^xคำสั่งสอน
700 0  อิศวเรศ ตโนนุท,^eบรรณาธิการ
700 0  ภิกษุณีนิรามิสา,^eบรรณาธิการ
700 0  จิตร์ ตัณฑเสถียร,^eผู้แปล
700 02 Nhat Hanh,^cThich.^tThe art of power
945    ^p360^l0^i18475
995    เกษร
999 ^a ใช้งานได้ทุกระบบ
รายการนี้ยังไม่มีแท็ก
คุณยังไม่ได้ล็อกอิน คุณสามารถมีกิจกรรมร่วมกับเว็บไซต์ได้ แต่ต้องล็อกอินก่อน ::
  ล็อกอิน

รายการสื่อสารสนเทศ

ลำดับที่ ประเภท เลขเรียก/บาร์โค้ด สถานที่ สถานะ
1. วิทยาศาสตร์การแพทย์ และสุขภาพ
วิทยาศาสตร์การแพทย์ และสุขภาพ
BQ9800.T5382 น398ศ 2552  
  Barcode: 18475
ห้องสมุดวิทยาเขตสวรรค์ประชารักษ์
►นวนิยาย
บนชั้น
  ขอยืม

BibComment


ยังไม่เคยถูกคอมเมนท์

คอมเมนท์ทรัพยากรรายการนี้
  คอมเมนท์: ศิลปะแห่งอำนาจ T..


 Copyright 2026. Bcnsprnw @Library